StrayKids Knowledge Quiz - Statistics

General Stats
  • This quiz has been taken 609 times
  • The average score is 13 of 15
Answer Stats
Hint Answer % Correct
Oldest Member of Straykids Bangchan
100%
Member that hosts Vlives/YT lives every sunday Bangchan
100%
Fastest Rapper Changbin
99%
The member that has a Samsung Phone lol Changbin
99%
Has Freckles Felix
99%
Youngest Australian Member Felix
99%
Lived in Malaysia Han
99%
Secret British Member Han
99%
Visual Member of Straykids Hyunjin
99%
Youngest Member (Maknae) Of Straykids IN
99%
Known to be the best dancer Lee Know
98%
Straykid's Fandom name Stay
98%
Straykids Debut date Day/Month/Year 25/03/18
91%
Bangchan's real age Five
27%
Member that lived in LA for 3 months Seugmin
11%
No matching quizzes found
Score Distribution
Percent of People with Each Score
Percentile by Number Answered
Your Score History
You have not taken this quiz